000
00307nam a2200121Ia 4500
008
220204s9999 xx 000 0 und d
082
_a
973
_b
GUR
100
_a
John A
245
0
_a
American nation: A history of the United States
250
_a
Ed.4
260
_a
New York
_b
Harper and Row
_c
1966
942
_c
BK
999
_c
33294
_d
33294